Ariana Grande - Paroles yes, and? - Statistiques

Statistiques générales
  • Ce quiz a été pris 161 fois
  • Le résultat moyen est 229 sur 310
Statistiques - réponses
Hint Réponse % Correct
a
97%
you
97%
I
96%
And
95%
and
95%
and?"
95%
Refrain "Yes,
93%
your
91%
Your
91%
that
88%
with
88%
chest,
87%
chest
87%
on,
87%
on
87%
Say
87%
so
87%
shit
86%
be
85%
Be
85%
(no
84%
no,
84%
no
84%
friend
83%
put
82%
best
81%
What
81%
what
81%
do
80%
fuckin'
80%
In
80%
in
80%
lipstick
79%
own
79%
come
78%
Come
78%
not
76%
like
75%
like,
75%
the
75%
my
74%
Bridge My
74%
next?"
74%
haven't
73%
is
73%
yours
73%
case
72%
don't
71%
(don't
71%
Don't
71%
just
71%
Just
71%
Keep
71%
mine
71%
what's
71%
"What's
71%
What's
71%
Pré-refrain Boy,
70%
somebody
69%
we
69%
everybody's
67%
noticed
67%
situation
67%
tired
66%
from
65%
care
63%
healin'
63%
Or
63%
way
63%
Why
63%
Why?
63%
can
62%
right
62%
somethin'
62%
movin'
61%
see
61%
through
61%
if
60%
find
58%
one
58%
yourself
57%
dark
56%
energy
56%
ride?
56%
this
56%
fire
54%
much
54%
Well,
54%
body,
53%
walk
52%
I'm
51%
tell
51%
think,
51%
reply
50%
whose -
50%
caring
47%
life
47%
need
47%
won't
47%
comment
46%
disguise
46%
done
46%
(Yeah)
46%
business
45%
Underneath
44%
hide
43%
most
43%
light
42%
authentic
40%
speak
40%
turn
40%
change
38%
face
38%
mind)
38%
tongue
38%
projections
34%
upon
34%
nothin')
33%
sacred,
32%
time,
31%
time
31%
sexy,
30%
their
30%
sitting,
24%
Protected,
17%
Couplet 2 Now
16%
discerning
13%
Aucun quiz correspondant
Distribution des résultats
% des personnes avec chaque résultat
Percentile par nombre de réponses
Votre historique - résultats
Vous n’avez pas pris ce quiz